[Event "POL-chT3 Liga Slaska"]
[Site "Poland"]
[Date "2007.05.12"]
[Round "7"]
[White "Kornasiewicz, Jacek"]
[Black "Bitman, Marek"]
[Result "1-0"]
[WhiteElo "2177"]
[BlackElo "2057"]
[PlyCount "47"]
[EventDate "2007.01.28"]
[EventType "team-swiss"]
[EventRounds "9"]
[EventCountry "POL"]
[SourceTitle "EXT 2011"]
[Source "ChessBase"]
[SourceDate "2010.11.26"]
[SourceVersion "1"]
[SourceVersionDate "2010.11.26"]
[SourceQuality "1"]
[WhiteTeam "Dabrowa Gornicza Zaglebie"]
[BlackTeam "Rybnik MKSz II"]
[WhiteTeamCountry "POL"]
[BlackTeamCountry "POL"]

1. e4 e5 2. Bc4 Nf6 3. d3 Nc6 4. Nf3 Bc5 5. 0-0 d6 6. c3 0-0 7. Bg5 Be6 8. Bb5 Bg4 9. h3 Bh5 10. g4 Bg6 11. Nbd2 h6 12. Bh4 Qe7 13. b4 Bb6 14. Nc4 Nd8 15. Ne3 Bxe3 16. fxe3 Ne6 17. Ba4 c6 18. Bc2 Rfe8 19. Qe2 Bh7 20. g5 hxg5 21. Nxg5 Nf8 22. Bb3 Bg6 23. Qg2 Rad8 24. Nxf7 1-0

[Event "POL-chT3 Liga Slaska"]
[Site "Poland"]
[Date "2007.03.18"]
[Round "6"]
[White "Fojt, Maciej"]
[Black "Kornasiewicz, Jacek"]
[Result "0-1"]
[WhiteElo "1730"]
[BlackElo "2177"]
[PlyCount "58"]
[EventDate "2007.01.28"]
[EventType "team-swiss"]
[EventRounds "9"]
[EventCountry "POL"]
[SourceTitle "EXT 2011"]
[Source "ChessBase"]
[SourceDate "2010.11.26"]
[SourceVersion "1"]
[SourceVersionDate "2010.11.26"]
[SourceQuality "1"]
[WhiteTeam "Katowice UKS Palac Mlodziezy"]
[BlackTeam "Dabrowa Gornicza Zaglebie"]
[WhiteTeamCountry "POL"]
[BlackTeamCountry "POL"]

1. d4 e6 2. c4 f5 3. Nc3 Nf6 4. Nf3 d5 5. Bf4 c6 6. g3 Bd6 7. Bxd6 Qxd6 8. Bg2 Nbd7 9. cxd5 exd5 10. 0-0 0-0 11. Qc2 Ne4 12. e3 Qe7 13. Ne2 g5 14. h3 Rf6 15. h4 h6 16. Rab1 b6 17. b4 Ba6 18. Rfc1 Re8 19. Nc3 Bc4 20. Rb2 Rd6 21. Re1 Qg7 22. Ne2 Kh8 23. hxg5 hxg5 24. Nd2 Nxd2 25. Qxd2 Rde6 26. Qc2 Qh7 27. g4 Qh4 28. gxf5 Rh6 29. b5 Nf6 0-1

[Event "CZE-chT2f 0506"]
[Site "Czech Republic"]
[Date "2005.12.04"]
[Round "4.3"]
[White "Kornasiewicz, Jacek"]
[Black "Holusova, Tana"]
[Result "1-0"]
[WhiteElo "2197"]
[BlackElo "2105"]
[PlyCount "57"]
[EventDate "2005.10.16"]
[EventType "team"]
[EventRounds "11"]
[EventCountry "CZE"]
[SourceTitle "EXT 2009"]
[Source "ChessBase"]
[SourceDate "2008.11.26"]
[SourceVersion "1"]
[SourceVersionDate "2008.11.26"]
[SourceQuality "1"]

1. e4 c5 2. Nc3 e6 3. g3 Nc6 4. Bg2 Nf6 5. d3 Be7 6. f4 d5 7. e5 Nd7 8. Nf3 a6 9. 0-0 h5 10. h3 Nf8 11. Qe1 Qc7 12. Ne2 Bd7 13. c3 0-0-0 14. d4 Kb8 15. Be3 cxd4 16. Nexd4 f6 17. a4 fxe5 18. Nxc6+ Bxc6 19. Nxe5 Be8 20. b4 Bd6 21. Bd4 Rg8 22. Qe3 Rc8 23. c4 Bxb4 24. cxd5 Bc5 25. Nc6+ Bxc6 26. dxc6 Bxd4 27. Qxd4 g5 28. Rab1 e5 29. Qd5 1-0

[Event "CZE-chT2f 0506"]
[Site "Czech Republic"]
[Date "2005.11.20"]
[Round "3.3"]
[White "Zelenka, Milan"]
[Black "Kornasiewicz, Jacek"]
[Result "1/2-1/2"]
[WhiteElo "2134"]
[BlackElo "2197"]
[PlyCount "103"]
[EventDate "2005.10.16"]
[EventType "team"]
[EventRounds "11"]
[EventCountry "CZE"]
[SourceTitle "EXT 2009"]
[Source "ChessBase"]
[SourceDate "2008.11.26"]
[SourceVersion "1"]
[SourceVersionDate "2008.11.26"]
[SourceQuality "1"]

1. Nf3 f5 2. g3 Nf6 3. Bg2 g6 4. 0-0 Bg7 5. d4 0-0 6. c4 d6 7. Nc3 c6 8. Bf4 h6 9. Qb3 g5 10. Be3 Kh8 11. Rad1 Qe8 12. c5 d5 13. Ne5 Nbd7 14. f4 gxf4 15. gxf4 Rg8 16. Kh1 Ng4 17. Nxg4 fxg4 18. Bf2 Nf6 19. e4 dxe4 20. Nxe4 Nd5 21. Rde1 Qg6 22. Ng3 Nxf4 23. Be4 Qe6 24. Qc2 Nh3 25. d5 Nxf2+ 26. Qxf2 cxd5 27. Bb1 Rf8 28. Qxf8+ Bxf8 29. Rxf8+ Kg7 30. Rxe6 Kxf8 31. Rxh6 Kg7 32. Rh7+ Kf6 33. Rh8 e6 34. Kg1 b6 35. c6 Ke7 36. Rh7+ Kd6 37. c7 Bd7 38. Nh5 Rc8 39. Nf6 Rxc7 40. Nxd7 Rc1+ 41. Kf2 Rxb1 42. b3 Rb2+ 43. Kg3 Rxa2 44. Kxg4 d4 45. Kf4 Re2 46. Nf6 e5+ 47. Kf5 Rf2+ 48. Kg5 Ke6 49. Ng4 Rf5+ 50. Kg6 Rf4 51. Kg5 Rf5+ 52. Kg6 1/2-1/2

[Event "POL-chT 2nd League"]
[Site "Wysowa"]
[Date "2005.08.31"]
[Round "5.77"]
[White "Kornasiewicz, Jacek"]
[Black "Kolinski, Stanislaw"]
[Result "1-0"]
[WhiteElo "2197"]
[BlackElo "2026"]
[PlyCount "41"]
[EventDate "2005.08.27"]
[EventType "team-swiss"]
[EventRounds "9"]
[EventCountry "POL"]
[SourceTitle "EXT 2019"]
[Source "ChessBase"]
[SourceDate "2018.10.10"]
[SourceVersion "1"]
[SourceVersionDate "2018.10.10"]
[SourceQuality "1"]
[WhiteTeam "Czerwionka Gornik 23"]
[BlackTeam "Srem LKS Piast"]
[WhiteTeamCountry "POL"]
[BlackTeamCountry "POL"]

1. e4 e5 2. Nc3 Nf6 3. f4 d5 4. fxe5 Nxe4 5. Nf3 Nc6 6. Bb5 Bg4 7. 0-0 Be7 8. Qe1 Nxc3 9. bxc3 a6 10. Be2 0-0 11. d4 Qd7 12. Qg3 Bh5 13. Bd3 Qg4 14. Qe1 Bg6 15. h3 Qd7 16. Nh4 Bxh4 17. Qxh4 Bxd3 18. cxd3 Qe7 19. Bg5 Qd7 20. Rf3 Rae8 21. Bf6 1-0

[Event "POL-chT 2nd League"]
[Site "Wysowa"]
[Date "2005.08.30"]
[Round "4.71"]
[White "Halas, Przemyslaw"]
[Black "Kornasiewicz, Jacek"]
[Result "1-0"]
[WhiteElo "2098"]
[BlackElo "2197"]
[PlyCount "59"]
[EventDate "2005.08.27"]
[EventType "team-swiss"]
[EventRounds "9"]
[EventCountry "POL"]
[SourceTitle "EXT 2019"]
[Source "ChessBase"]
[SourceDate "2018.10.10"]
[SourceVersion "1"]
[SourceVersionDate "2018.10.10"]
[SourceQuality "1"]
[WhiteTeam "Swiecie Gambit"]
[BlackTeam "Czerwionka Gornik 23"]
[WhiteTeamCountry "POL"]
[BlackTeamCountry "POL"]

1. d4 e6 2. c4 f5 3. g3 Nf6 4. Bg2 d5 5. Nf3 c6 6. Nbd2 Bd6 7. Qc2 0-0 8. 0-0 Ne4 9. b3 Nd7 10. Bb2 Ndf6 11. Ne1 Qe8 12. Nxe4 fxe4 13. f3 e5 14. fxe4 dxe4 15. Bxe4 exd4 16. c5 Bh3 17. Ng2 Bxc5 18. Rxf6 Rxf6 19. Nf4 Rxf4 20. gxf4 Qh5 21. Qd3 Re8 22. Bxd4 Bxd4+ 23. Qxd4 Qg4+ 24. Kh1 Qe6 25. Bf3 b6 26. Bg2 Bf5 27. Rg1 g6 28. Rf1 Be4 29. Bf3 Bxf3+ 30. Rxf3 1-0

[Event "POL-chT 2nd League"]
[Site "Wysowa"]
[Date "2005.08.29"]
[Round "3.47"]
[White "Sobczak, Miroslaw"]
[Black "Kornasiewicz, Jacek"]
[Result "1/2-1/2"]
[WhiteElo "2058"]
[BlackElo "2197"]
[PlyCount "61"]
[EventDate "2005.08.27"]
[EventType "team-swiss"]
[EventRounds "9"]
[EventCountry "POL"]
[SourceTitle "EXT 2019"]
[Source "ChessBase"]
[SourceDate "2018.10.10"]
[SourceVersion "1"]
[SourceVersionDate "2018.10.10"]
[SourceQuality "1"]
[WhiteTeam "Gniezno LKS Chrobry"]
[BlackTeam "Czerwionka Gornik 23"]
[WhiteTeamCountry "POL"]
[BlackTeamCountry "POL"]

1. e4 e6 2. d4 d5 3. Nc3 Bb4 4. e5 c5 5. a3 Bxc3+ 6. bxc3 Qc7 7. Qg4 f5 8. Qg3 cxd4 9. cxd4 Ne7 10. Bd2 0-0 11. Bd3 Nbc6 12. Nf3 Qb6 13. c3 Na5 14. 0-0 Nc4 15. Bh6 Ng6 16. Nh4 Kf7 17. Rfb1 Qd8 18. Bg5 Qe8 19. Nxg6 hxg6 20. Bxc4 dxc4 21. Qf3 Qd7 22. Rb4 Rb8 23. Rxc4 b5 24. Rc5 Bb7 25. Qe2 a6 26. c4 Rfc8 27. Rxc8 Rxc8 28. cxb5 Qd5 29. Qf3 Qxb5 30. Qe3 Qb2 31. Rc1 1/2-1/2

[Event "POL-chT 2nd League"]
[Site "Polanica Zdroj"]
[Date "2004.09.04"]
[Round "1"]
[White "Kornasiewicz, Jacek"]
[Black "Szadkowski, Kamil"]
[Result "0-1"]
[WhiteElo "2165"]
[BlackElo "2080"]
[PlyCount "66"]
[EventDate "2004.09.04"]
[EventType "team-swiss"]
[EventRounds "11"]
[EventCountry "POL"]
[SourceTitle "CBM 102 Extra"]
[Source "ChessBase"]
[SourceDate "2004.11.03"]
[SourceVersion "1"]
[SourceVersionDate "2004.11.03"]
[SourceQuality "1"]
[WhiteTeam "Czerwionka Gornik 23"]
[BlackTeam "Konin Hetman"]
[WhiteTeamCountry "POL"]
[BlackTeamCountry "POL"]

1. e4 c5 2. Nc3 Nc6 3. g3 g6 4. Bg2 Bg7 5. d3 d6 6. Be3 Nf6 7. h3 0-0 8. Nge2 Qb6 9. Rb1 Qa5 10. 0-0 Bd7 11. a3 a6 12. Nd5 Nxd5 13. exd5 Nd4 14. Nf4 Qc7 15. c3 Nf5 16. Bd2 Rfe8 17. Re1 Rab8 18. Bh1 Bf6 19. Qf3 e5 20. Ne2 Bg7 21. g4 Ne7 22. Ng3 f5 23. Bg5 h6 24. Bxe7 Rxe7 25. gxf5 Rf8 26. Qe2 gxf5 27. Kh2 e4 28. dxe4 Be5 29. Qh5 f4 30. Nf5 f3+ 31. Kg1 Rxf5 32. exf5 Rg7+ 33. Qg4 Bxf5 0-1

[Event "POL-chT3"]
[Site "Poland"]
[Date "2002.??.??"]
[Round "?"]
[White "Kornasiewicz, Jacek"]
[Black "Kliemt, Grzegorz"]
[Result "1/2-1/2"]
[WhiteElo "2187"]
[BlackElo "2100"]
[PlyCount "79"]
[EventDate "2002.??.??"]
[EventType "team"]
[EventRounds "9"]
[EventCountry "POL"]
[SourceTitle "EXT 2006"]
[Source "ChessBase"]
[SourceDate "2005.11.24"]
[SourceVersion "1"]
[SourceVersionDate "2005.11.24"]
[SourceQuality "1"]

1. e4 c5 2. Nc3 Nc6 3. g3 g6 4. Bg2 Bg7 5. d3 d6 6. Be3 e6 7. Qd2 Rb8 8. Nd1 b5 9. Ne2 b4 10. 0-0 Nd4 11. c3 bxc3 12. bxc3 Nxe2+ 13. Qxe2 Qa5 14. Bf4 e5 15. Be3 Ne7 16. Qd2 0-0 17. a4 Rb3 18. Qc2 Be6 19. c4 Rfb8 20. Bd2 Qc7 21. Nc3 Rb2 22. Qc1 R2b7 23. Nd5 Nxd5 24. cxd5 Bg4 25. Re1 Rb3 26. Qc4 Qb6 27. Bf1 Bc8 28. a5 Qb5 29. Qxb5 R3xb5 30. d4 Rb2 31. Bc1 Rc2 32. dxc5 dxc5 33. Be3 f5 34. Rab1 Rb4 35. Rxb4 cxb4 36. Rb1 Bf8 37. Bxa7 fxe4 38. Bb6 Bb7 39. a6 Bxd5 40. Rd1 1/2-1/2

[Event "Oberliga Sued W 9798"]
[Site "Germany"]
[Date "1998.??.??"]
[Round "?"]
[White "Widera, Ralf"]
[Black "Kornasiewicz, Jacek"]
[Result "1-0"]
[WhiteElo "2245"]
[BlackElo "2265"]
[PlyCount "73"]
[EventDate "1997.10.??"]
[EventType "team"]
[EventRounds "9"]
[EventCountry "GER"]
[SourceTitle "EXT 2000"]
[Source "ChessBase"]
[SourceDate "1999.11.16"]
[SourceVersion "1"]
[SourceVersionDate "1999.11.16"]
[SourceQuality "1"]

1. c4 f5 2. Nc3 Nf6 3. g3 g6 4. Bg2 Bg7 5. d3 0-0 6. Nf3 d6 7. 0-0 a5 8. Rb1 e5 9. a3 Na6 10. Ne1 c6 11. b4 axb4 12. axb4 Bd7 13. Nc2 Nc7 14. b5 Ne6 15. Nb4 Qc7 16. Bd2 Nd4 17. e3 Ne6 18. Re1 g5 19. d4 e4 20. f3 exf3 21. Bxf3 f4 22. d5 cxd5 23. Nbxd5 Nxd5 24. Nxd5 Qd8 25. exf4 Nd4 26. Bc3 Nxf3+ 27. Qxf3 g4 28. Ne7+ Kh8 29. Bxg7+ Kxg7 30. Qc3+ Kh6 31. Qd4 Qc7 32. Rbd1 Bf5 33. Nxf5+ Rxf5 34. Re6+ Kh5 35. Qxd6 Qg7 36. Re7 Qg8 37. Qd7 1-0

[Event "POL-chT reg"]
[Site "Poland"]
[Date "1995.??.??"]
[Round "?"]
[White "Kornasiewicz, Jacek"]
[Black "Blehm, Pawel"]
[Result "0-1"]
[WhiteElo "2250"]
[BlackElo "2210"]
[PlyCount "72"]
[EventDate "1995.??.??"]
[EventType "team"]
[EventRounds "11"]
[EventCountry "POL"]
[SourceTitle "EXT 2001"]
[Source "ChessBase"]
[SourceDate "2000.11.22"]
[SourceVersion "1"]
[SourceVersionDate "2000.11.22"]
[SourceQuality "1"]

1. e4 c5 2. Nc3 a6 3. Nf3 Nc6 4. g3 g6 5. Bg2 Bg7 6. 0-0 d6 7. d3 e6 8. Be3 Nge7 9. Qd2 h6 10. Nd1 b6 11. c3 d5 12. exd5 Nxd5 13. d4 Nxe3 14. fxe3 Bb7 15. Nf2 cxd4 16. exd4 Ne7 17. Nd3 Nf5 18. g4 Nd6 19. Nfe5 Bxg2 20. Qxg2 0-0 21. Rf2 g5 22. Re1 Rc8 23. Nc6 Qc7 24. Nce5 f5 25. gxf5 Nxf5 26. Ng6 Rf6 27. Rxf5 exf5 28. Ne7+ Kh7 29. Nxc8 Qxc8 30. Qd5 h5 31. Re7 f4 32. Re5 Qg4+ 33. Qg2 Qd1+ 34. Qf1 Qd2 35. Rxg5 f3 36. Rxh5+ Bh6 0-1

[Event "POL-chT reg"]
[Site "Poland"]
[Date "1995.??.??"]
[Round "?"]
[White "Kornasiewicz, Jacek"]
[Black "Kwitek, Tomasz"]
[Result "1/2-1/2"]
[WhiteElo "2250"]
[BlackElo "2240"]
[PlyCount "100"]
[EventDate "1995.??.??"]
[EventType "team"]
[EventRounds "11"]
[EventCountry "POL"]
[SourceTitle "EXT 2001"]
[Source "ChessBase"]
[SourceDate "2000.11.22"]
[SourceVersion "1"]
[SourceVersionDate "2000.11.22"]
[SourceQuality "1"]

1. e4 Nf6 2. Nc3 d5 3. exd5 Nxd5 4. d4 e6 5. Nf3 c5 6. Nxd5 exd5 7. Bb5+ Nc6 8. 0-0 a6 9. Re1+ Be7 10. Bxc6+ bxc6 11. Ne5 Qc7 12. Bf4 Qb7 13. Re3 Be6 14. Rb3 Qc8 15. Rb6 Bd7 16. Qh5 0-0 17. Nxd7 Qxd7 18. Rb3 g6 19. Rg3 Bd6 20. Bxd6 Qxd6 21. Qh6 f5 22. dxc5 Qxc5 23. h4 Qd6 24. h5 Rf6 25. Re1 Qf8 26. Qg5 f4 27. Rb3 Rf5 28. Qg4 Re8 29. Rxe8 Qxe8 30. hxg6 hxg6 31. Rb8 Qxb8 32. Qxg6+ Kh8 33. Qh6+ Kg8 34. Qg6+ Kf8 35. Qxf5+ Ke7 36. Qg5+ Ke6 37. Qg6+ Ke5 38. g3 Qb4 39. gxf4+ Kxf4 40. Qg3+ Kf5 41. Qd3+ Ke6 42. Qe2+ Kd6 43. c3 Qf4 44. Qe3 Qf5 45. Kg2 Qb1 46. Qf4+ Kd7 47. Qg4+ Kc7 48. Qg7+ Kd6 49. Qf6+ Kd7 50. Qf7+ Kd6 1/2-1/2

[Event "POL-chT reg"]
[Site "Poland"]
[Date "1995.??.??"]
[Round "?"]
[White "Szolkowski, Ernest"]
[Black "Kornasiewicz, Jacek"]
[Result "1/2-1/2"]
[WhiteElo "2105"]
[BlackElo "2250"]
[PlyCount "53"]
[EventDate "1995.??.??"]
[EventType "team"]
[EventRounds "11"]
[EventCountry "POL"]
[SourceTitle "EXT 2001"]
[Source "ChessBase"]
[SourceDate "2000.11.22"]
[SourceVersion "1"]
[SourceVersionDate "2000.11.22"]
[SourceQuality "1"]

1. e4 e6 2. Nf3 d5 3. exd5 exd5 4. d4 Nc6 5. Bb5 Nf6 6. Ne5 Bd7 7. Nxd7 Qxd7 8. Qe2+ Be7 9. 0-0 0-0 10. c3 Rfe8 11. Qd3 Bd6 12. f3 Nh5 13. Na3 Nf4 14. Bxf4 Bxf4 15. g3 Re3 16. Qd1 Bd6 17. Nc2 Re7 18. Qd2 a6 19. Bd3 Rae8 20. Rfe1 Qh3 21. Rxe7 Rxe7 22. Re1 Rxe1+ 23. Qxe1 Ne7 24. Ne3 c6 25. Ng4 Qh5 26. Kh1 Kf8 27. Qe2 1/2-1/2